[Event "Women's Baku Chess Olympiad"]
[Site "chess24.com"]
[Date "2016.09.13"]
[Round "11"]
[White "Bashaer, Khalil"]
[Black "Park, Sunwoo"]
[Result "0-1"]
[Board "3"]
[WhiteID "9304843"]
[WhiteElo "1584"]
[WhiteTitle "WCM"]
[WhiteCountry "UAE"]
[WhiteFideId "9304843"]
[WhiteEloChange "-9"]
[BlackID "13203320"]
[BlackElo "1626"]
[BlackCountry "KOR"]
[BlackFideId "13203320"]
[BlackEloChange "9"]

1. e4 {[%clk 1:30:57]} e5 {[%clk 1:30:53]} 2. Bc4 {[%clk 1:30:38]} Nc6 {[%clk
1:29:35]} 3. d3 {[%clk 1:29:53]} Nf6 {[%clk 1:27:51]} 4. Nc3 {[%clk 1:29:56]} Bb4
{[%clk 1:25:37]} 5. Bd2 {[%clk 1:27:40]} d6 {[%clk 1:22:37]} 6. a3 {[%clk
1:18:04]} Ba5 {[%clk 1:20:40]} 7. Nge2 {[%clk 1:11:33]} h6 {[%clk 1:11:11]} 8.
O-O {[%clk 1:08:59]} O-O {[%clk 1:11:25]} 9. h3 {[%clk 1:07:47]} a6 {[%clk
1:09:59]} 10. f4 {[%clk 1:02:21]} Bb6+ {[%clk 1:04:43]} 11. Kh1 {[%clk 1:02:24]}
Ng4 {[%clk 0:50:21]} 12. Qe1 {[%clk 0:58:15]} Ne3 {[%clk 0:46:48]} 13. Bxe3
{[%clk 0:58:02]} Bxe3 {[%clk 0:47:12]} 14. Nd5 {[%clk 0:51:10]} exf4 {[%clk
0:44:46]} 15. Nexf4 {[%clk 0:48:34]} Bxf4 {[%clk 0:44:09]} 16. Nxf4 {[%clk
0:47:43]} Ne5 {[%clk 0:41:50]} 17. Bb3 {[%clk 0:46:03]} Qg5 {[%clk 0:36:31]} 18.
Qc3 {[%clk 0:22:37]} c6 {[%clk 0:29:30]} 19. Rf2 {[%clk 0:19:48]} Ng6 {[%clk
0:27:57]} 20. Raf1 {[%clk 0:15:05]} Nxf4 {[%clk 0:27:55]} 21. Rxf4 {[%clk
0:15:33]} Be6 {[%clk 0:27:56]} 22. Qb4 {[%clk 0:08:50]} Bxb3 {[%clk 0:26:26]} 23.
Qxb3 {[%clk 0:09:19]} Qe7 {[%clk 0:26:29]} 24. Rg4 {[%clk 0:08:34]} Rab8 {[%clk
0:23:40]} 25. Rf3 {[%clk 0:08:47]} Kh8 {[%clk 0:16:40]} 26. Rfg3 {[%clk 0:08:47]}
Rg8 {[%clk 0:16:32]} 27. Qc3 {[%clk 0:07:29]} f6 {[%clk 0:16:14]} 28. Rg6 {[%clk
0:06:27]} Qe5 {[%clk 0:15:25]} 29. Qb3 {[%clk 0:04:29]} Qe7 {[%clk 0:12:52]} 30.
Rf3 {[%clk 0:03:58]} Kh7 {[%clk 0:12:01]} 31. Rfg3 {[%clk 0:02:32]} Rbe8 {[%clk
0:11:33]} 32. R6g4 {[%clk 0:02:20]} Rb8 {[%clk 0:10:08]} 33. Rg6 {[%clk 0:01:35]}
Rbd8 {[%clk 0:08:18]} 34. R6g4 {[%clk 0:01:31]} Rd7 {[%clk 0:07:41]} 35. Rf3
{[%clk 0:01:33]} d5 {[%clk 0:06:22]} 36. Qc3 {[%clk 0:01:11]} Re8 {[%clk
0:06:08]} 37. Qb3 {[%clk 0:00:51]} Qd6 {[%clk 0:05:32]} 38. Qa4 {[%clk 0:01:05]}
Qe5 {[%clk 0:04:12]} 39. Qb3 {[%clk 0:01:19]} Qc7 {[%clk 0:03:19]} 40. Qa4 {[%clk
0:31:20]} b5 {[%clk 0:31:19]} 41. Qb4 {[%clk 0:28:10]} c5 {[%clk 0:29:24]} 42.
Qe1 {[%clk 0:28:08]} Qe5 {[%clk 0:26:58]} 43. Qc1 {[%clk 0:26:32]} Rde7 {[%clk
0:21:19]} 44. Rgf4 {[%clk 0:23:20]} Qd6 {[%clk 0:19:49]} 45. Qe1 {[%clk 0:10:02]}
dxe4 {[%clk 0:16:06]} 46. dxe4 {[%clk 0:09:57]} f5 {[%clk 0:14:53]} 47. Rxf5
{[%clk 0:08:32]} Rxe4 {[%clk 0:15:02]} 48. Qc3 {[%clk 0:01:38]} Rc4 {[%clk
0:11:07]} 49. Qd3 {[%clk 0:01:14]} Re1+ {[%clk 0:09:49]} 50. Rf1 {[%clk 0:01:14]}
Qxd3 {[%clk 0:09:11]} 51. cxd3 {[%clk 0:01:41]} Rxf1+ {[%clk 0:08:46]} 52. Rxf1
{[%clk 0:01:58]} Rd4 {[%clk 0:08:11]} 53. Rf3 {[%clk 0:00:48]} Kg6 {[%clk
0:07:52]} 54. Kh2 {[%clk 0:00:55]} a5 {[%clk 0:07:53]} 55. Kg3 {[%clk 0:00:51]}
b4 {[%clk 0:07:12]} 56. axb4 {[%clk 0:01:04]} Rxb4 {[%clk 0:06:59]} 57. Rf2
{[%clk 0:00:59]} Rb3 {[%clk 0:07:11]} 58. Rd2 {[%clk 0:00:41]} c4 {[%clk
0:07:27]} 59. Kf3 {[%clk 0:00:42]} cxd3 {[%clk 0:07:09]} 60. Ke3 {[%clk 0:00:51]}
a4 {[%clk 0:07:05]} 61. g3 {[%clk 0:00:35]} Kf5 {[%clk 0:05:49]} 62. Kd4 {[%clk
0:00:33]} g5 {[%clk 0:05:33]} 63. Ke3 {[%clk 0:00:43]} Ke5 {[%clk 0:05:19]} 64.
g4 {[%clk 0:00:45]} Kd5 {[%clk 0:04:41]} 65. Rxd3+ {[%clk 0:00:44]} Kc4 {[%clk
0:05:06]} 66. Rxb3 {[%clk 0:00:39]} Kxb3 {[%clk 0:05:11]} 67. Ke4 {[%clk
0:00:42]} Kxb2 {[%clk 0:04:40]} 68. Kf5 {[%clk 0:01:00]} Kc3 {[%clk 0:03:07]} 69.
Kg6 {[%clk 0:01:14]} Kd4 {[%clk 0:03:20]} 70. Kxh6 {[%clk 0:01:24]} Ke5 {[%clk
0:03:26]} 71. Kxg5 {[%clk 0:01:51]} a3 {[%clk 0:03:46]} 72. Kh6 {[%clk 0:01:10]}
a2 {[%clk 0:02:47]} 73. g5 {[%clk 0:01:30]} a1Q {[%clk 0:02:55]} 74. g6 {[%clk
0:01:56]} Kf6 {[%clk 0:02:17]} 75. g7 {[%clk 0:01:39]} Qa8 {[%clk 0:02:34]} 76.
Kh7 {[%clk 0:01:32]} Qb7 {[%clk 0:02:34]} 0-1

[Event "Women's Baku Chess Olympiad"]
[Site "chess24.com"]
[Date "2016.09.13"]
[Round "11"]
[White "Kim, Yubin"]
[Black "Wadima Humaid S H AlKalbani"]
[Result "0-1"]
[Board "4"]
[WhiteID "13202316"]
[WhiteElo "1660"]
[WhiteCountry "KOR"]
[WhiteFideId "13202316"]
[WhiteEloChange "-12"]
[BlackID "9304541"]
[BlackElo "1606"]
[BlackTitle "WFM"]
[BlackCountry "UAE"]
[BlackFideId "9304541"]
[BlackEloChange "12"]

1. e4 {[%clk 1:30:59]} e5 {[%clk 1:30:55]} 2. Bc4 {[%clk 1:31:20]} Nf6 {[%clk
1:31:20]} 3. d3 {[%clk 1:31:40]} c6 {[%clk 1:31:26]} 4. Nc3 {[%clk 1:31:50]} d5
{[%clk 1:31:42]} 5. exd5 {[%clk 1:28:40]} cxd5 {[%clk 1:32:05]} 6. Bb3 {[%clk
1:27:38]} Bb4 {[%clk 1:31:03]} 7. Bd2 {[%clk 1:26:38]} O-O {[%clk 1:30:44]} 8.
Nge2 {[%clk 1:24:30]} Nc6 {[%clk 1:31:03]} 9. O-O {[%clk 1:23:38]} d4 {[%clk
1:29:02]} 10. Ne4 {[%clk 1:20:34]} Bxd2 {[%clk 1:29:24]} 11. Qxd2 {[%clk
1:19:01]} Kh8 {[%clk 1:28:09]} 12. Nxf6 {[%clk 1:08:28]} Qxf6 {[%clk 1:28:29]}
13. Ng3 {[%clk 1:04:23]} Be6 {[%clk 1:25:16]} 14. f4 {[%clk 0:54:51]} Bxb3 {[%clk
1:24:47]} 15. axb3 {[%clk 0:50:34]} Rac8 {[%clk 1:15:05]} 16. Ne4 {[%clk
0:43:48]} Qh6 {[%clk 1:12:37]} 17. Rac1 {[%clk 0:27:45]} exf4 {[%clk 1:07:17]}
18. Qxf4 {[%clk 0:22:21]} Qxf4 {[%clk 1:01:12]} 19. Rxf4 {[%clk 0:22:46]} Nb4
{[%clk 1:01:34]} 20. Nd6 {[%clk 0:13:06]} Nxd3 {[%clk 1:01:02]} 21. Rff1 {[%clk
0:12:21]} Nxc1 {[%clk 1:00:36]} 22. Nxc8 {[%clk 0:12:40]} Ne2+ {[%clk 1:00:57]}
23. Kf2 {[%clk 0:13:07]} Rxc8 {[%clk 1:01:16]} 24. Kxe2 {[%clk 0:13:20]} Rxc2+
{[%clk 1:00:57]} 25. Kd3 {[%clk 0:13:42]} Rxg2 {[%clk 0:59:31]} 26. Rxf7 {[%clk
0:14:03]} Kg8 {[%clk 0:59:54]} 27. Rxb7 {[%clk 0:14:20]} Rxh2 {[%clk 1:00:19]}
28. Rxa7 {[%clk 0:12:02]} Rxb2 {[%clk 1:00:34]} 29. Rb7 {[%clk 0:12:05]} h5
{[%clk 1:00:16]} 30. Kxd4 {[%clk 0:11:58]} h4 {[%clk 1:00:32]} 31. Kc3 {[%clk
0:09:34]} h3 {[%clk 0:59:15]} 32. Rb8+ {[%clk 0:09:33]} Kh7 {[%clk 0:59:35]} 33.
Rb4 {[%clk 0:09:41]} Rh2 {[%clk 0:55:56]} 34. Ra4 {[%clk 0:09:16]} Rh1 {[%clk
0:56:15]} 35. Ra2 {[%clk 0:07:53]} h2 {[%clk 0:55:53]} 36. Rc2 {[%clk 0:06:01]}
g5 {[%clk 0:55:35]} 37. b4 {[%clk 0:06:04]} g4 {[%clk 0:56:00]} 38. b5 {[%clk
0:06:28]} g3 {[%clk 0:56:23]} 39. b6 {[%clk 0:05:19]} Rb1 {[%clk 0:56:45]} 40.
Rg2 {[%clk 0:33:59]} h1Q {[%clk 1:26:46]} 41. Rxg3 {[%clk 0:34:26]} Qe1+ {[%clk
1:26:57]} 42. Kc2 {[%clk 0:34:26]} 0-1

[Event "Women's Baku Chess Olympiad"]
[Site "chess24.com"]
[Date "2016.09.13"]
[Round "11"]
[White "Al-Rufaye, Iman Hasan Mohammed"]
[Black "Aseel , Odeh"]
[Result "1-0"]
[Board "1"]
[WhiteID "4801067"]
[WhiteElo "2001"]
[WhiteTitle "WIM"]
[WhiteCountry "IRQ"]
[WhiteFideId "4801067"]
[WhiteEloChange "2"]
[BlackID "8105529"]
[BlackElo "1547"]
[BlackTitle "CM"]
[BlackCountry "JOR"]
[BlackFideId "8105529"]
[BlackEloChange "-2"]

1. e4 {[%clk 1:30:58]} e5 {[%clk 1:30:56]} 2. Nf3 {[%clk 1:31:23]} Nc6 {[%clk
1:31:21]} 3. Bc4 {[%clk 1:31:47]} g6 {[%clk 1:31:43]} 4. d3 {[%clk 1:28:53]} Bg7
{[%clk 1:31:00]} 5. Ng5 {[%clk 1:23:12]} Nh6 {[%clk 1:30:07]} 6. h4 {[%clk
1:19:21]} Na5 {[%clk 1:27:03]} 7. Nc3 {[%clk 1:16:25]} Nxc4 {[%clk 1:20:53]} 8.
dxc4 {[%clk 1:16:46]} d6 {[%clk 1:18:54]} 9. h5 {[%clk 1:02:04]} f6 {[%clk
1:08:22]} 10. Nxh7 {[%clk 0:51:23]} g5 {[%clk 0:50:37]} 11. Nxf6+ {[%clk
0:50:17]} Bxf6 {[%clk 0:47:54]} 12. Qd3 {[%clk 0:47:00]} Be6 {[%clk 0:41:03]} 13.
f3 {[%clk 0:43:42]} Qe7 {[%clk 0:35:59]} 14. Be3 {[%clk 0:42:40]} b6 {[%clk
0:32:20]} 15. O-O-O {[%clk 0:35:14]} O-O-O {[%clk 0:28:00]} 16. g4 {[%clk
0:32:58]} Kb8 {[%clk 0:23:06]} 17. Nd5 {[%clk 0:32:28]} Bxd5 {[%clk 0:20:50]} 18.
cxd5 {[%clk 0:32:36]} Qd7 {[%clk 0:20:12]} 19. Qc4 {[%clk 0:31:16]} Rc8 {[%clk
0:18:16]} 20. a4 {[%clk 0:30:06]} c6 {[%clk 0:17:01]} 21. b3 {[%clk 0:27:17]} Be7
{[%clk 0:12:52]} 22. Kb2 {[%clk 0:26:41]} cxd5 {[%clk 0:10:30]} 23. Qxd5 {[%clk
0:26:45]} Qc6 {[%clk 0:10:16]} 24. Qd2 {[%clk 0:26:52]} Rc7 {[%clk 0:09:18]} 25.
c4 {[%clk 0:27:04]} Nf7 {[%clk 0:07:43]} 26. Ra1 {[%clk 0:23:49]} a6 {[%clk
0:06:46]} 27. Rhc1 {[%clk 0:22:12]} Rhc8 {[%clk 0:06:31]} 28. a5 {[%clk 0:18:12]}
Qb7 {[%clk 0:01:23]} 29. axb6 {[%clk 0:17:35]} Rc6 {[%clk 0:01:23]} 30. Rxa6
{[%clk 0:04:27]} Qxa6 {[%clk 0:00:46]} 31. Ra1 {[%clk 0:04:50]} Qb7 {[%clk
0:00:39]} 32. Ra7 {[%clk 0:04:54]} Bd8 {[%clk 0:00:40]} 33. Rxb7+ {[%clk
0:04:53]} Kxb7 {[%clk 0:01:09]} 34. Qd5 {[%clk 0:05:09]} Bxb6 {[%clk 0:00:37]}
35. Bxb6 {[%clk 0:04:47]} Kxb6 {[%clk 0:00:39]} 36. Qxf7 {[%clk 0:05:09]} R8c7
{[%clk 0:00:45]} 37. Qg8 {[%clk 0:05:04]} Rc8 {[%clk 0:00:37]} 38. Qxg5 {[%clk
0:05:23]} Rf8 {[%clk 0:00:52]} 39. Qe3+ {[%clk 0:05:33]} Kb7 {[%clk 0:01:04]} 40.
h6 {[%clk 0:35:50]} Rc7 {[%clk 0:31:24]} 41. g5 {[%clk 0:35:40]} Rcf7 {[%clk
0:31:42]} 42. g6 {[%clk 0:34:45]} Rxf3 {[%clk 0:31:46]} 43. g7 {[%clk 0:33:30]}
Rf2+ {[%clk 0:30:42]} 44. Ka3 {[%clk 0:33:49]} Ra8+ {[%clk 0:30:42]} 45. Kb4
{[%clk 0:34:11]} Rf7 {[%clk 0:28:30]} 46. Qg5 {[%clk 0:34:06]} Kc6 {[%clk
0:25:21]} 47. g8Q {[%clk 0:33:42]} Raa7 {[%clk 0:25:26]} 48. Qxf7 {[%clk
0:32:20]} Rxf7 {[%clk 0:25:54]} 49. Qg8 {[%clk 0:32:27]} Rb7+ {[%clk 0:26:11]}
50. Kc3 {[%clk 0:32:45]} d5 {[%clk 0:26:23]} 51. Qxd5+ {[%clk 0:33:05]} Kb6
{[%clk 0:26:38]} 52. Qxb7+ {[%clk 0:33:09]} Kxb7 {[%clk 0:27:04]} 53. h7 {[%clk
0:33:30]} Kc6 {[%clk 0:27:28]} 54. h8Q {[%clk 0:33:53]} Kb7 {[%clk 0:27:54]} 55.
Qxe5 {[%clk 0:34:00]} Ka6 {[%clk 0:28:13]} 56. Qb8 {[%clk 0:33:31]} Ka5 {[%clk
0:28:38]} 57. Qb5# {[%clk 0:33:44]} 1-0

[Event "Women's Baku Chess Olympiad"]
[Site "chess24.com"]
[Date "2016.09.13"]
[Round "11"]
[White "Fernandez Alacha, Mirna Graciela"]
[Black "Quevedo, Andreina"]
[Result "1-0"]
[Board "3"]
[WhiteID "8400482"]
[WhiteElo "1528"]
[WhiteTitle "WCM"]
[WhiteCountry "HON"]
[WhiteFideId "8400482"]
[WhiteEloChange "15"]
[BlackID "3004147"]
[BlackElo "1699"]
[BlackCountry "URU"]
[BlackFideId "3004147"]
[BlackEloChange "-15"]

1. e4 {[%clk 1:30:57]} e5 {[%clk 1:30:29]} 2. Nf3 {[%clk 1:31:15]} Nc6 {[%clk
1:30:54]} 3. d4 {[%clk 1:31:35]} exd4 {[%clk 1:31:19]} 4. Nxd4 {[%clk 1:31:55]}
Qf6 {[%clk 1:31:30]} 5. Be3 {[%clk 1:31:37]} Bc5 {[%clk 1:31:30]} 6. c3 {[%clk
1:31:50]} Nge7 {[%clk 1:31:40]} 7. Bc4 {[%clk 1:26:55]} O-O {[%clk 1:29:09]} 8.
O-O {[%clk 1:26:29]} Ne5 {[%clk 1:22:08]} 9. Bb3 {[%clk 1:19:09]} Qg6 {[%clk
1:19:22]} 10. f3 {[%clk 1:14:45]} d6 {[%clk 1:15:10]} 11. Nd2 {[%clk 1:04:23]} a6
{[%clk 1:05:07]} 12. Nc2 {[%clk 1:01:13]} Bxe3+ {[%clk 0:58:38]} 13. Nxe3 {[%clk
1:01:03]} Kh8 {[%clk 0:58:12]} 14. Kh1 {[%clk 0:54:36]} Qh6 {[%clk 0:48:35]} 15.
Qe2 {[%clk 0:41:49]} N7g6 {[%clk 0:43:06]} 16. g3 {[%clk 0:27:47]} Ne7 {[%clk
0:37:48]} 17. f4 {[%clk 0:26:18]} N5c6 {[%clk 0:33:08]} 18. Nf3 {[%clk 0:20:12]}
f5 {[%clk 0:31:22]} 19. Nd5 {[%clk 0:13:30]} Nxd5 {[%clk 0:28:39]} 20. exd5
{[%clk 0:12:56]} Na5 {[%clk 0:28:27]} 21. Bc2 {[%clk 0:13:04]} b5 {[%clk
0:27:31]} 22. b3 {[%clk 0:13:03]} Bb7 {[%clk 0:21:05]} 23. Qd2 {[%clk 0:13:05]}
Bc8 {[%clk 0:20:01]} 24. Rae1 {[%clk 0:12:27]} Qf6 {[%clk 0:19:33]} 25. Nd4
{[%clk 0:11:48]} Nb7 {[%clk 0:19:33]} 26. Re3 {[%clk 0:10:13]} Nc5 {[%clk
0:09:44]} 27. Rfe1 {[%clk 0:07:37]} Bb7 {[%clk 0:09:25]} 28. Nxf5 {[%clk
0:06:49]} g6 {[%clk 0:08:55]} 29. Ne7 {[%clk 0:05:13]} Qf7 {[%clk 0:06:49]} 30.
Qd4+ {[%clk 0:03:28]} Qf6 {[%clk 0:07:14]} 31. Qd2 {[%clk 0:03:17]} Qf7 {[%clk
0:05:12]} 32. b4 {[%clk 0:03:19]} Nd7 {[%clk 0:04:58]} 33. Nc6 {[%clk 0:02:04]}
Rae8 {[%clk 0:03:54]} 34. Qd4+ {[%clk 0:01:29]} Nf6 {[%clk 0:03:07]} 35. Rxe8
{[%clk 0:01:15]} Bxc6 {[%clk 0:02:16]} 36. Rxf8+ {[%clk 0:01:32]} Qxf8 {[%clk
0:02:42]} 37. dxc6 {[%clk 0:01:48]} Kg8 {[%clk 0:02:42]} 38. Bb3+ {[%clk
0:02:09]} Kg7 {[%clk 0:02:59]} 39. Re6 {[%clk 0:02:08]} h6 {[%clk 0:02:25]} 40.
Qxf6+ {[%clk 0:32:22]} Qxf6 {[%clk 0:32:43]} 41. Rxf6 {[%clk 0:32:45]} Kxf6
{[%clk 0:33:09]} 42. Kg2 {[%clk 0:33:05]} Kf5 {[%clk 0:33:31]} 43. Kf3 {[%clk
0:33:23]} g5 {[%clk 0:33:55]} 44. fxg5 {[%clk 0:33:46]} hxg5 {[%clk 0:34:22]} 45.
Bc2+ {[%clk 0:34:03]} Ke5 {[%clk 0:34:47]} 46. Kg4 {[%clk 0:34:22]} Kd5 {[%clk
0:35:12]} 47. Kxg5 {[%clk 0:34:46]} Kc4 {[%clk 0:35:29]} 48. Bb3+ {[%clk
0:34:57]} Kxc3 {[%clk 0:35:53]} 49. h4 {[%clk 0:35:23]} Kxb4 {[%clk 0:36:01]} 50.
h5 {[%clk 0:35:46]} a5 {[%clk 0:36:12]} 51. h6 {[%clk 0:36:08]} a4 {[%clk
0:35:28]} 52. Bd5 {[%clk 0:35:39]} Ka3 {[%clk 0:35:28]} 53. h7 {[%clk 0:36:02]}
b4 {[%clk 0:35:30]} 54. h8Q {[%clk 0:36:02]} b3 {[%clk 0:35:30]} 55. axb3 {[%clk
0:35:57]} axb3 {[%clk 0:35:46]} 56. Qa1+ {[%clk 0:36:13]} Kb4 {[%clk 0:36:11]}
57. Qb2 {[%clk 0:36:32]} Kc5 {[%clk 0:36:24]} 58. Qxb3 {[%clk 0:36:50]} Kd4
{[%clk 0:36:49]} 59. Qc4+ {[%clk 0:37:05]} 1-0

[Event "Women's Baku Chess Olympiad"]
[Site "chess24.com"]
[Date "2016.09.13"]
[Round "11"]
[White "Farnela, Nuzela Zacarias Musindo"]
[Black "Miladi, Amen"]
[Result "1/2-1/2"]
[Board "4"]
[WhiteID "14800292"]
[WhiteElo "1350"]
[WhiteCountry "MOZ"]
[WhiteFideId "14800292"]
[WhiteEloChange "4"]
[BlackID "5503779"]
[BlackElo "1491"]
[BlackTitle "WCM"]
[BlackCountry "TUN"]
[BlackFideId "5503779"]
[BlackEloChange "-4"]

1. e4 {[%clk 1:30:58]} c5 {[%clk 1:30:50]} 2. Nc3 {[%clk 1:31:02]} e6 {[%clk
1:30:41]} 3. Nf3 {[%clk 1:29:33]} d5 {[%clk 1:28:56]} 4. exd5 {[%clk 1:28:13]}
exd5 {[%clk 1:29:20]} 5. Qe2+ {[%clk 1:25:17]} Ne7 {[%clk 1:26:29]} 6. d3 {[%clk
1:23:13]} Nc6 {[%clk 1:24:40]} 7. Bg5 {[%clk 1:18:35]} h6 {[%clk 1:24:29]} 8. Bh4
{[%clk 1:18:28]} Be6 {[%clk 1:20:28]} 9. Qd2 {[%clk 1:18:04]} Qd7 {[%clk
1:19:55]} 10. Bxe7 {[%clk 1:15:45]} Bxe7 {[%clk 1:20:10]} 11. Be2 {[%clk
1:15:32]} Bf6 {[%clk 1:19:28]} 12. O-O {[%clk 1:12:50]} O-O {[%clk 1:18:22]} 13.
a3 {[%clk 1:11:50]} Rfe8 {[%clk 1:14:00]} 14. Rab1 {[%clk 1:05:51]} Rac8 {[%clk
1:14:04]} 15. Ne1 {[%clk 1:00:22]} Nd4 {[%clk 1:10:28]} 16. Bd1 {[%clk 0:58:45]}
Qd6 {[%clk 1:03:24]} 17. Ne2 {[%clk 0:53:24]} Nc6 {[%clk 0:50:55]} 18. f4 {[%clk
0:48:03]} Nd4 {[%clk 0:46:00]} 19. Nf3 {[%clk 0:45:50]} Nxf3+ {[%clk 0:45:35]}
20. Rxf3 {[%clk 0:45:54]} Bg4 {[%clk 0:44:50]} 21. Rg3 {[%clk 0:45:42]} Qe6
{[%clk 0:44:14]} 22. f5 {[%clk 0:35:42]} Qxf5 {[%clk 0:43:17]} 23. Nf4 {[%clk
0:29:38]} Bxd1 {[%clk 0:41:24]} 24. Rxd1 {[%clk 0:29:06]} Bxb2 {[%clk 0:41:11]}
25. c4 {[%clk 0:26:10]} Bd4+ {[%clk 0:40:32]} 26. Kh1 {[%clk 0:25:52]} dxc4
{[%clk 0:40:47]} 27. dxc4 {[%clk 0:25:37]} Rcd8 {[%clk 0:40:59]} 28. Nd5 {[%clk
0:25:32]} Be5 {[%clk 0:39:58]} 29. Rf3 {[%clk 0:23:30]} Qh5 {[%clk 0:33:21]} 30.
h3 {[%clk 0:17:19]} Qh4 {[%clk 0:28:07]} 31. Qd3 {[%clk 0:13:11]} Bd4 {[%clk
0:22:54]} 32. Qf5 {[%clk 0:10:16]} Re1+ {[%clk 0:23:03]} 33. Rf1 {[%clk 0:08:51]}
Rxf1+ {[%clk 0:22:33]} 34. Rxf1 {[%clk 0:09:08]} Rf8 {[%clk 0:22:22]} 35. Qd7
{[%clk 0:08:12]} Qd8 {[%clk 0:20:06]} 36. Qxb7 {[%clk 0:07:17]} 1/2-1/2

[Event "Women's Baku Chess Olympiad"]
[Site "chess24.com"]
[Date "2016.09.13"]
[Round "11"]
[White "Frijde, Reyna"]
[Black "Salim-Moussa, Arzy Zahia"]
[Result "1/2-1/2"]
[Board "3"]
[WhiteID "8200335"]
[WhiteElo "1605"]
[WhiteTitle "WCM"]
[WhiteCountry "SUR"]
[WhiteFideId "8200335"]
[WhiteEloChange "-5"]
[BlackID "7500408"]
[BlackElo "1403"]
[BlackCountry "AHO"]
[BlackFideId "7500408"]
[BlackEloChange "5"]

1. e4 {[%clk 1:30:55]} e5 {[%clk 1:30:52]} 2. Nf3 {[%clk 1:31:21]} Nc6 {[%clk
1:30:36]} 3. Bc4 {[%clk 1:31:10]} h6 {[%clk 1:29:51]} 4. d3 {[%clk 1:30:49]} Nf6
{[%clk 1:30:02]} 5. Bb3 {[%clk 1:30:47]} g6 {[%clk 1:27:44]} 6. Nc3 {[%clk
1:27:46]} Bb4 {[%clk 1:25:51]} 7. Bd2 {[%clk 1:28:02]} Bxc3 {[%clk 1:24:02]} 8.
Bxc3 {[%clk 1:28:23]} d6 {[%clk 1:21:10]} 9. h3 {[%clk 1:26:02]} Qe7 {[%clk
1:18:42]} 10. Qe2 {[%clk 1:21:57]} Be6 {[%clk 1:16:59]} 11. d4 {[%clk 1:05:54]}
exd4 {[%clk 1:07:21]} 12. Nxd4 {[%clk 1:06:12]} Nxd4 {[%clk 1:05:56]} 13. Bxd4
{[%clk 1:06:34]} O-O {[%clk 1:00:29]} 14. O-O {[%clk 0:59:06]} Bxb3 {[%clk
0:54:33]} 15. Bxf6 {[%clk 0:59:18]} Qxf6 {[%clk 0:53:47]} 16. cxb3 {[%clk
0:59:43]} Rfe8 {[%clk 0:53:36]} 17. Qc2 {[%clk 0:59:26]} Re7 {[%clk 0:51:54]} 18.
Rfd1 {[%clk 0:58:04]} Rae8 {[%clk 0:42:52]} 19. f3 {[%clk 0:58:00]} c6 {[%clk
0:41:17]} 20. Qd2 {[%clk 0:50:41]} Qe5 {[%clk 0:33:13]} 21. Qxd6 {[%clk 0:50:01]}
Qxd6 {[%clk 0:33:33]} 22. Rxd6 {[%clk 0:49:27]} Kg7 {[%clk 0:33:37]} 23. Rad1
{[%clk 0:46:33]} f5 {[%clk 0:25:51]} 24. Rd7 {[%clk 0:45:15]} fxe4 {[%clk
0:22:47]} 25. Rxe7+ {[%clk 0:44:30]} Rxe7 {[%clk 0:22:23]} 26. fxe4 {[%clk
0:44:52]} Kf7 {[%clk 0:19:26]} 27. Kf2 {[%clk 0:44:32]} Rxe4 {[%clk 0:19:02]} 28.
Rd7+ {[%clk 0:44:57]} Re7 {[%clk 0:19:16]} 29. Rxe7+ {[%clk 0:44:28]} Kxe7 {[%clk
0:19:45]} 30. Ke3 {[%clk 0:44:57]} c5 {[%clk 0:18:04]} 31. a4 {[%clk 0:44:56]}
Ke6 {[%clk 0:18:00]} 32. Ke4 {[%clk 0:45:23]} a5 {[%clk 0:17:04]} 33. h4 {[%clk
0:44:46]} g5 {[%clk 0:12:24]} 34. hxg5 {[%clk 0:36:38]} hxg5 {[%clk 0:10:12]} 35.
g3 {[%clk 0:36:31]} Kf6 {[%clk 0:07:20]} 36. Kd5 {[%clk 0:15:31]} Kf5 {[%clk
0:06:48]} 37. Kxc5 {[%clk 0:15:59]} Kg4 {[%clk 0:07:01]} 38. Kb6 {[%clk 0:16:28]}
Kxg3 {[%clk 0:06:57]} 39. Kxb7 {[%clk 0:16:56]} Kf4 {[%clk 0:06:27]} 40. b4
{[%clk 0:47:17]} g4 {[%clk 0:34:41]} 41. bxa5 {[%clk 0:44:28]} g3 {[%clk
0:32:05]} 42. a6 {[%clk 0:44:57]} g2 {[%clk 0:32:25]} 43. a7 {[%clk 0:45:20]} g1Q
{[%clk 0:32:43]} 44. a8Q {[%clk 0:45:45]} Qg2+ {[%clk 0:32:22]} 45. Ka7 {[%clk
0:45:47]} Qf2+ {[%clk 0:31:34]} 46. Ka6 {[%clk 0:43:36]} Qe2+ {[%clk 0:30:01]}
47. Ka5 {[%clk 0:41:16]} Qe5+ {[%clk 0:28:37]} 48. Ka6 {[%clk 0:37:52]} Qe2+
{[%clk 0:25:07]} 49. Ka7 {[%clk 0:38:16]} Qe3+ {[%clk 0:25:18]} 50. Kb8 {[%clk
0:36:25]} Qe5+ {[%clk 0:22:55]} 51. Kb7 {[%clk 0:34:06]} Qxb2+ {[%clk 0:20:14]}
52. Ka7 {[%clk 0:34:19]} Qf2+ {[%clk 0:19:58]} 1/2-1/2

[Event "Women's Baku Chess Olympiad"]
[Site "chess24.com"]
[Date "2016.09.13"]
[Round "11"]
[White "Gondwe, Vitumbiko"]
[Black "Kabengano, Joyce"]
[Result "1-0"]
[Board "3"]
[WhiteID "16400186"]
[WhiteElo "1407"]
[WhiteCountry "MAW"]
[WhiteFideId "16400186"]
[WhiteEloChange "14"]
[BlackID "10000836"]
[BlackElo "1559"]
[BlackCountry "UGA"]
[BlackFideId "10000836"]
[BlackEloChange "-14"]

1. d4 {[%clk 1:30:56]} Nf6 {[%clk 1:30:42]} 2. c4 {[%clk 1:30:39]} e6 {[%clk
1:31:02]} 3. Nc3 {[%clk 1:30:53]} Bb4 {[%clk 1:31:16]} 4. Bd2 {[%clk 1:31:21]} d5
{[%clk 1:29:15]} 5. Qa4+ {[%clk 1:31:19]} Nc6 {[%clk 1:29:18]} 6. c5 {[%clk
1:29:41]} O-O {[%clk 1:28:08]} 7. e3 {[%clk 1:29:39]} Bd7 {[%clk 1:28:07]} 8. Qc2
{[%clk 1:27:33]} b6 {[%clk 1:27:19]} 9. a3 {[%clk 1:27:31]} Bxc3 {[%clk 1:27:19]}
10. Bxc3 {[%clk 1:27:31]} Ne4 {[%clk 1:19:56]} 11. Bd3 {[%clk 1:22:43]} f5 {[%clk
1:18:40]} 12. b4 {[%clk 1:19:11]} a6 {[%clk 1:17:46]} 13. Nf3 {[%clk 1:16:02]}
Be8 {[%clk 1:08:05]} 14. O-O {[%clk 1:11:48]} b5 {[%clk 1:04:23]} 15. Rae1 {[%clk
1:06:00]} Bh5 {[%clk 1:03:56]} 16. Be2 {[%clk 1:05:49]} Rf6 {[%clk 0:59:21]} 17.
Ne5 {[%clk 1:01:36]} Nxe5 {[%clk 0:57:59]} 18. dxe5 {[%clk 1:01:36]} Rh6 {[%clk
0:54:42]} 19. Bd2 {[%clk 0:55:39]} Bxe2 {[%clk 0:54:55]} 20. Rxe2 {[%clk
0:56:07]} Rxh2 {[%clk 0:55:06]} 21. Kxh2 {[%clk 0:47:10]} Qh4+ {[%clk 0:54:49]}
22. Kg1 {[%clk 0:47:30]} Qh5 {[%clk 0:54:43]} 23. Bc1 {[%clk 0:45:12]} a5 {[%clk
0:53:30]} 24. Rd1 {[%clk 0:43:56]} axb4 {[%clk 0:53:03]} 25. axb4 {[%clk
0:43:49]} Ra4 {[%clk 0:52:37]} 26. Rd4 {[%clk 0:43:11]} c6 {[%clk 0:52:39]} 27.
Bb2 {[%clk 0:40:10]} Ra2 {[%clk 0:51:26]} 28. Re1 {[%clk 0:35:45]} Ra8 {[%clk
0:46:36]} 29. Qe2 {[%clk 0:34:52]} Qg6 {[%clk 0:46:37]} 30. Qf3 {[%clk 0:33:45]}
Ra2 {[%clk 0:44:19]} 31. Re2 {[%clk 0:31:26]} h6 {[%clk 0:39:13]} 32. Qh3 {[%clk
0:30:31]} Ng5 {[%clk 0:38:52]} 33. Qg3 {[%clk 0:30:07]} f4 {[%clk 0:36:25]} 34.
exf4 {[%clk 0:28:15]} Qb1+ {[%clk 0:36:38]} 35. Kh2 {[%clk 0:28:36]} Rxb2 {[%clk
0:34:28]} 36. Rxb2 {[%clk 0:28:24]} Qxb2 {[%clk 0:34:41]} 37. fxg5 {[%clk
0:25:35]} Qxd4 {[%clk 0:27:22]} 38. gxh6 {[%clk 0:25:42]} g5 {[%clk 0:25:53]} 39.
Qxg5+ {[%clk 0:25:57]} Kf7 {[%clk 0:26:04]} 40. Qf6+ {[%clk 0:25:49]} Ke8 {[%clk
0:26:07]} 41. Qxe6+ {[%clk 0:55:55]} Kd8 {[%clk 0:55:03]} 42. Qf6+ {[%clk
0:54:43]} Kc7 {[%clk 0:54:46]} 43. h7 {[%clk 0:54:31]} Qxb4 {[%clk 0:54:38]} 44.
h8Q {[%clk 0:54:29]} Qxc5 {[%clk 0:54:48]} 45. Qhd8+ {[%clk 0:53:32]} Kb7 {[%clk
0:55:02]} 46. Qfe7+ {[%clk 0:53:42]} Qxe7 {[%clk 0:55:17]} 47. Qxe7+ {[%clk
0:54:08]} Kb6 {[%clk 0:55:40]} 48. Kg3 {[%clk 0:52:59]} d4 {[%clk 0:55:40]} 49.
Kf4 {[%clk 0:52:50]} c5 {[%clk 0:55:38]} 50. Qd6+ {[%clk 0:52:44]} 1-0